Bond finance role set to increase in Europe (Record no. 60060)

MARC details
000 -LEADER
fixed length control field 00800cam a2200217 4500
001 - CONTROL NUMBER
control field ABS61372
008 - FIXED-LENGTH DATA ELEMENTS--GENERAL INFORMATION
fixed length control field 000000n1999 000 0 eng u
035 ## - SYSTEM CONTROL NUMBER
System control number (Sirsi) u100357
100 ## - MAIN ENTRY--PERSONAL NAME
Personal name McIntosh, A
245 ## - TITLE STATEMENT
Title Bond finance role set to increase in Europe
260 ## - PUBLICATION, DISTRIBUTION, ETC.
Date of publication, distribution, etc. 1999
490 ## - SERIES STATEMENT
Series statement Property Forecast
Volume/sequential designation 2(10) October 1999, 2-3(2)
520 ## - SUMMARY, ETC.
Summary, etc. Considers why debt finance is set to increase as an important element of the European property investment market. Analyses bond yields in Europe, and looks at the growth of Commercial Mortgaged Backed Securities. Graphs.
590 ## - LOCAL NOTE (RLIN)
Local note ABS
650 ## - SUBJECT ADDED ENTRY--TOPICAL TERM
Topical term or geographic name entry element BOND YIELDS
650 ## - SUBJECT ADDED ENTRY--TOPICAL TERM
Topical term or geographic name entry element COMMERCIAL MORTGAGED BACKED SECURITIES
650 ## - SUBJECT ADDED ENTRY--TOPICAL TERM
Topical term or geographic name entry element EUROPE
650 ## - SUBJECT ADDED ENTRY--TOPICAL TERM
Topical term or geographic name entry element DEBT FINANCE
690 ## - LOCAL SUBJECT ADDED ENTRY--TOPICAL TERM (OCLC, RLIN)
Topical term or geographic name as entry element PROPERTY-PROPERTY FINANCE AND INVESTMENT
942 ## - ADDED ENTRY ELEMENTS (KOHA)
Suppress in OPAC 0
Holdings
Withdrawn status Lost status Source of classification or shelving scheme Damaged status Not for loan Home library Current library Shelving location Date acquired Total Checkouts Full call number Barcode Date last seen Copy number Price effective from Koha item type
    Dewey Decimal Classification     London London Journal article 12/10/1999   ABS61372 100357-1001 06/08/2019 1 06/08/2019 Journal article